Представление документа в формате RUSMARC

ПолеНазваниеЗначение
  Тип записи a
  Библиографический уровень m
001 Контрольный номер RU/SLIB/B/208726203
005 Дата корректировки 20250114142901.6
010 Индекс ISBN __
d Цена 0-60
101 Язык документа 0_
a Язык текста rus
200 Заглавие и сведения об ответственности 1_
a Заглавие Испания в огне
b Общее обозначение материала Текст
h Номер части Т. 2. Кн. 2-3
i Наименование части Испанский дневник
i Наименование части Корреспонденции. Репортажи. Очерки
210 Выходные данные 1_
a Место издания М.
c Издательство Политиздат
d Дата издания 1987
215 Физическое описание __
a Объем 304 с.
c Иллюстрации/тип воспроизводства ил
606 Тематические рубрики __
a Основная рубрика История
z Хронологическая подрубрика 20 в. 30-е гг.
y Географическая подрубрика Испания
606 Тематические рубрики __
a Основная рубрика Европа с 1918 г. -
610 Ключевые слова 0_
a Ключевые слова нападение; интервенция; фашизм; освободительное движение; очерки; репортажи; дневники; войны
686 Индексы других классификаций __
a Классификационный индекс 63.3(4Исп)61
700 Автор _1
a Фамилия Кольцов
b Имя М. Е.
4 Код отношения 070
801 Источник записи _0
a Страна RU
b Организация Муниципальное бюджетное учреждение культуры "Централизованная библиотечная система" г. Сургут (Центральная городская библиотека им. А. С. Пушкина)
g Правила каталогизации КиК/Елгина
801 Источник записи _1
a Страна RU
b Организация Муниципальное бюджетное учреждение культуры "Централизованная библиотечная система" г. Сургут (Центральная городская библиотека им. А. С. Пушкина)
g Правила каталогизации КиК/Елгина
852 Данные о местонахождении __
j Шифр хранения 63.3(4Исп)61
c Каталожный индекс 63.3(4Исп)
i Авторский знак К 62
p Инвентарный номер 36790
901 Тип документа __
t Тип документа m
990 Данные о заказе (DOS) __
j Количество экземпляров (DOS) 1
t N записи в КСУ для И/У (DOS) 199101